| 000 | 01187cam a2200361 a 4500 | ||
|---|---|---|---|
| 001 | 17266810 | ||
| 005 | 20221005154406.0 | ||
| 007 | ta | ||
| 008 | 111121s2011 ii 000 0 eng d | ||
| 010 | _a 2012335705 | ||
| 020 | _a9780670081325 | ||
| 020 | _a0670081329 | ||
| 025 | _aI-E-2012-335705; 62-92 | ||
| 035 | _a(OCoLC)ocn765111232 | ||
| 035 | _a(OCoLC)765111232 | ||
| 037 | _aLibrary of Congress -- New Delhi Overseas Office | ||
| 040 |
_aDKAGE _beng _cDKAGE _dYDXCP _dDLC |
||
| 042 |
_alccopycat _alcode |
||
| 043 | _aa-ii--- | ||
| 050 | 0 | 0 |
_aDS480.84 _b.N27597 2011 |
| 082 | 0 | 4 |
_a954 _bNAR |
| 100 | 1 |
_aNarayanan, K. R. _999143 |
|
| 245 | 1 | 0 |
_aIn the name of the people : _breflections on democracy, freedom, and development / _cK.R. Narayanan. |
| 260 |
_aNew Delhi : _bPenguin Viking, _c2011. |
||
| 300 |
_axii, 264 p. ; _c24 cm. |
||
| 650 | 0 |
_aDemocracy _zIndia. _999144 |
|
| 651 | 0 |
_aIndia _xPolitics and government _y1947- _912045 |
|
| 651 | 0 |
_aIndia _xForeign relations _y1947-1984. _916231 |
|
| 651 | 0 |
_aIndia _xSocial conditions. _981113 |
|
| 906 |
_a7 _bcbc _ccopycat _d3 _encip _f20 _gy-gencatlg |
||
| 942 |
_2ddc _cBK |
||
| 999 |
_c591501 _d591501 |
||